00512 2200193 4500001002100000005001500021035002000036008004100056245004300097100002400140260003700164300001300201084001700214082001100231650002100242600002000263600001100283990002400294INLIS00000000000018320231012035056 a0010-0823000183231012 0 ind 1 aHimpunan Hadits-Hadits Lemah Dan Palsu aA. Yazid Qasim Koho aSurabaya :bPt. Bina Ilmu,c1997 a442 hlm. a2x2. 4 YAZ h a2x2. 4 4aIlmu-Ilmu Hadist 4aKumpulan Hadist 4aHadist a0891/STITINKA/01/23